Tiếng Việt Giáo trình đào tạo giáo viên mầm non Tập 2 Tiếng Việt

Gorde:
Xehetasun bibliografikoak
Egile nagusia: Nguyễn Xuân Khoa
Formatua: Liburua
Hizkuntza:Vietnamese
Argitaratua: H. Đại học Sư phạm 2008
Edizioa:tái bản lần thứ 6
Gaiak:
Etiketak: Etiketa erantsi
Etiketarik gabe, Izan zaitez lehena erregistro honi etiketa jartzen!
Thư viện lưu trữ: Mạng thư viện Đại học Đà Nẵng
LEADER 01295nam a2200373 4500
001 000019723
003 16162
005 20141103151142.0
008 140815s2008 viesd
020 |c 18000đ 
041 0 |a vie 
082 1 4 |a 372.6  |b NG-K 
100 1 |a Nguyễn Xuân Khoa 
245 1 0 |a Tiếng Việt  |b Giáo trình đào tạo giáo viên mầm non  |c Nguyễn Xuân Khoa  |n Tập 2  |p Tiếng Việt 
250 |a tái bản lần thứ 6 
260 |a H.  |b Đại học Sư phạm  |c 2008 
300 |a 163 tr.  |c 21 cm. 
504 |a Thư mục tr: 163 
650 0 4 |a Giáo dục mầm non  |v Giáo trình  |x Tiếng Việt 
653 |a Tiếng Việt 
653 |a Đào tạo 
653 |a Giáo viên 
653 |a Mầm non 
773 |b In lần thứ 6  |d Đại học Sư phạm  |d H.  |d 2008  |t Tiếng Việt  |w 16160 
OWN |a LSP 
AVA |a UDN50  |b LSP  |d 372.6 NG-K  |e available  |t Error 5001 Not defined in file expand_doc_bib_avail.  |f 5  |g 0  |h N  |i 0  |k 1 
999 |a From the UDN01 
AVA |a UDN50  |b LSP  |d 372.6 NG-K  |e available  |t Error 5001 Not defined in file expand_doc_bib_avail.  |f 5  |g 0  |h N  |i 0  |k 1 
TYP |a Monograph 
TYP |a Printed language 
980 |a Mạng thư viện Đại học Đà Nẵng